Fundamentals of economics with agrarian reform, taxation and cooperatives (a modular approach) / (Record no. 10214)
[ view plain ]
| 000 -LEADER | |
|---|---|
| fixed length control field | 00855nam a22002417i 4500 |
| 003 - CONTROL NUMBER IDENTIFIER | |
| control field | URS |
| 005 - DATE AND TIME OF LATEST TRANSACTION | |
| control field | 20230711144129.0 |
| 008 - FIXED-LENGTH DATA ELEMENTS--GENERAL INFORMATION | |
| fixed length control field | 161108b xxu||||| |||| 00| 0 eng d |
| 020 ## - INTERNATIONAL STANDARD BOOK NUMBER | |
| International Standard Book Number | 9789710445301 |
| 040 ## - CATALOGING SOURCE | |
| Description conventions | rda |
| Transcribing agency | URS |
| Language of cataloging | English |
| Original cataloging agency | URS |
| Modifying agency | URS |
| 050 ## - LIBRARY OF CONGRESS CALL NUMBER | |
| Classification number | HB171.5 |
| Item number | .L476 2008 |
| 100 ## - MAIN ENTRY--PERSONAL NAME | |
| Personal name | Leaño Jr., Roman D. |
| Relator term | author. |
| 245 ## - TITLE STATEMENT | |
| Title | Fundamentals of economics with agrarian reform, taxation and cooperatives (a modular approach) / |
| Statement of responsibility, etc | Roman D. Leaño, Ronald M. Corpuz. |
| 264 #1 - PUBLICATION, DISTRIBUTION, ETC. (IMPRINT) | |
| Place of publication, distribution, etc | Intramuros, Manila : |
| Name of publisher, distributor, etc | Mindshapers Company, Incorporated, |
| Date of publication, distribution, etc | ©2008. |
| 300 ## - PHYSICAL DESCRIPTION | |
| Extent | iv, 300 pages ; |
| Dimensions | 25 cm. |
| 336 ## - CONTENT TYPE | |
| Content type term | text |
| Content type code | txt |
| Source | rdacontent |
| 337 ## - MEDIA TYPE | |
| Media type term | unmediated |
| Media type code | n |
| Source | rdamedia |
| 338 ## - CARRIER TYPE | |
| Carrier type term | volume |
| Carrier type code | nc |
| Source | rdacarrier |
| 504 ## - BIBLIOGRAPHY, ETC. NOTE | |
| Bibliography, etc | Includes bibliographical references. |
| 654 ## - SUBJECT ADDED ENTRY--FACETED TOPICAL TERM | |
| Focus term | Economics. |
| 9 (RLIN) | 5438 |
| 700 ## - ADDED ENTRY--PERSONAL NAME | |
| Personal name | Corpuz, Ronald M., |
| Relator term | author. |
| 9 (RLIN) | 150 |
| 942 ## - ADDED ENTRY ELEMENTS (KOHA) | |
| Source of classification or shelving scheme | Library of Congress Classification |
| Koha item type | Filipiniana |
| Withdrawn status | Lost status | Source of classification or shelving scheme | Damaged status | Not for loan | Collection code | Home library | Current library | Shelving location | Date acquired | Source of acquisition | Total Checkouts | Full call number | Barcode | Date last seen | Copy number | Koha item type |
|---|---|---|---|---|---|---|---|---|---|---|---|---|---|---|---|---|
| Lost | Library of Congress Classification | Non-fiction | Taytay College Library | Taytay College Library | Filipiniana Section | 08/10/2009 | Purchased | HB171.5 .L476 2008 | URSTAY-2033 | 11/08/2016 | 1 | Filipiniana | ||||
| Library of Congress Classification | Non-fiction | Taytay College Library | Taytay College Library | Filipiniana Section | 08/10/2009 | Purchased | HB171.5 .L476 2008 | URSTAY-2034 | 06/02/2025 | 2 | Filipiniana | |||||
| Library of Congress Classification | Non-fiction | Taytay College Library | Taytay College Library | Filipiniana Section | 08/10/2009 | Purchased | HB171.5 .L476 2008 | URSTAY-2035 | 06/02/2025 | 3 | Filipiniana | |||||
| Library of Congress Classification | Non-fiction | Taytay College Library | Taytay College Library | Filipiniana Section | 08/10/2009 | Purchased | HB171.5 .L476 2008 | URSTAY-2036 | 06/02/2025 | 4 | Filipiniana | |||||
| Library of Congress Classification | Non-fiction | Taytay College Library | Taytay College Library | Filipiniana Section | 08/10/2009 | Purchased | HB171.5 .L476 2008 | URSTAY-2037 | 06/02/2025 | 5 | Filipiniana | |||||
| Library of Congress Classification | Quarantine | Non-fiction | Taytay College Library | Taytay College Library | Filipiniana Section | 08/10/2009 | Purchased | HB171.5 .L476 2008 | URSTAY-2463 | 06/02/2025 | 6 | Filipiniana | ||||
| Library of Congress Classification | Quarantine | Non-fiction | Taytay College Library | Taytay College Library | Filipiniana Section | 08/10/2009 | Purchased | HB171.5 .L476 2008 | URSTAY-2464 | 06/02/2025 | 7 | Filipiniana | ||||
| Library of Congress Classification | Quarantine | Non-fiction | Taytay College Library | Taytay College Library | Filipiniana Section | 08/10/2009 | Purchased | HB171.5 .L476 2008 | URSTAY-2465 | 06/02/2025 | 8 | Filipiniana | ||||
| Library of Congress Classification | Quarantine | Non-fiction | Taytay College Library | Taytay College Library | Filipiniana Section | 08/10/2009 | Purchased | HB171.5 .L476 2008 | URSTAY-2466 | 06/02/2025 | 9 | Filipiniana | ||||
| Library of Congress Classification | Quarantine | Non-fiction | Taytay College Library | Taytay College Library | Filipiniana Section | 08/10/2009 | Purchased | HB171.5 .L476 2008 | URSTAY-2467 | 06/02/2025 | 10 | Filipiniana |